مكتبة جامعة عجلون الوطنية

فهرس بحث المكتبة

الاساليب الحديثة في الترويج والتسويق=Promotion Marketing (Record no. 16573)

MARC details
000 -LEADER
fixed length control field 00934nam a2200241Ii 4500
003 - CONTROL NUMBER IDENTIFIER
control field JO-AjNU
008 - FIXED-LENGTH DATA ELEMENTS--GENERAL INFORMATION
fixed length control field 230605s9999||||xx |||||||||||||| ||und||
017 ## - COPYRIGHT OR LEGAL DEPOSIT NUMBER
Copyright or legal deposit number 2004/21212
020 ## - INTERNATIONAL STANDARD BOOK NUMBER
International Standard Book Number 977-337-180-8
040 ## - CATALOGING SOURCE
Original cataloging agency JO-AjNU
Language of cataloging ara
Description conventions rda
Transcribing agency JO-AjNU
041 ## - LANGUAGE CODE
Language code of text/sound track or separate title ara
050 14 - LIBRARY OF CONGRESS CALL NUMBER
Classification number HF4515.3.A8355.2009
100 3# - MAIN ENTRY--PERSONAL NAME
Personal name اعداد:خبراء مركز الخبرات المهنية للادارة بميك؛مستشار علمي:عبدالرحمن توفيق,
Relator term author
9 (RLIN) 32267
245 00 - TITLE STATEMENT
Title الاساليب الحديثة في الترويج والتسويق=Promotion Marketing
250 ## - EDITION STATEMENT
Edition statement ط5
264 31 - PRODUCTION, PUBLICATION, DISTRIBUTION, MANUFACTURE, AND COPYRIGHT NOTICE
Place of production, publication, distribution, manufacture القاهرة:مركز الخبرات المهنية للادارة بميك؛2009
300 ## - PHYSICAL DESCRIPTION
Extent 81ص
336 ## - CONTENT TYPE
Content type term text
Content type code txt
Source rdacontent
337 ## - MEDIA TYPE
Media type term unmediated
Media type code n
Source rdamedia
338 ## - CARRIER TYPE
Carrier type term volume
Carrier type code nc
Source rdacarrier
490 0# - SERIES STATEMENT
Series statement المناهج التدريبية ؛181
650 #4 - SUBJECT ADDED ENTRY--TOPICAL TERM
Topical term or geographic name entry element التسويق-الترويج
9 (RLIN) 32268
Holdings
Withdrawn status Lost status Source of classification or shelving scheme Damaged status Not for loan Home library Current library Shelving location Date acquired Total Checkouts Full call number Barcode Date last seen Price effective from Koha item type
    Library of Congress Classification     مكتبة جامعة عجلون الوطنية مكتبة جامعة عجلون الوطنية المجموعات العامة 06/06/2023   HF4515.3.A8355.2009 A13005 06/06/2023 06/06/2023 Books